000 00384 a2200133 4500
001 ART_25940
005 20260410161603.0
008 260409a
245 1 0 _aEl valor llave en empresas concursadas
100 1 _aDíaz, Teresa
700 1 _aBertolino, Gisela
700 1 _aSuardi, Diana
773 0 _tProfesional & Empresaria
_g- Año V, Nº 52 (ene. 2004)
_wREV70
999 _c9895
_d9895